The ultimate teaching manual : (Record no. 4038)
[ view plain ]
| 000 -LEADER | |
|---|---|
| fixed length control field | 02287cam a2200325 a 4500 |
| 001 - CONTROL NUMBER | |
| control field | 16449691 |
| 003 - CONTROL NUMBER IDENTIFIER | |
| control field | Nust |
| 005 - DATE AND TIME OF LATEST TRANSACTION | |
| control field | 20170105101618.0 |
| 008 - FIXED-LENGTH DATA ELEMENTS--GENERAL INFORMATION | |
| fixed length control field | 100908s2011 enka b 001 0 eng |
| 010 ## - LIBRARY OF CONGRESS CONTROL NUMBER | |
| LC control number | 2010038583 |
| 020 ## - INTERNATIONAL STANDARD BOOK NUMBER | |
| International Standard Book Number | 9781441188861 (pbk. : alk. paper) |
| 020 ## - INTERNATIONAL STANDARD BOOK NUMBER | |
| International Standard Book Number | 144118886X (pbk. : alk. paper) |
| 035 ## - SYSTEM CONTROL NUMBER | |
| System control number | (OCoLC)ocn663460510 |
| 040 ## - CATALOGING SOURCE | |
| Original cataloging agency | DLC |
| Transcribing agency | DLC |
| Modifying agency | YDX |
| -- | YDXCP |
| -- | BWK |
| -- | CDX |
| -- | BWX |
| -- | DLC |
| 042 ## - AUTHENTICATION CODE | |
| Authentication code | pcc |
| 050 00 - LIBRARY OF CONGRESS CALL NUMBER | |
| Classification number | LB2844.1.N4 |
| Item number | D59 2011 |
| 082 00 - DEWEY DECIMAL CLASSIFICATION NUMBER | |
| Classification number | 371.1 |
| Author Mark | DIX |
| 100 1# - MAIN ENTRY--PERSONAL NAME | |
| Personal name | Dixie, Gererd. |
| 245 14 - TITLE STATEMENT | |
| Title | The ultimate teaching manual : |
| Remainder of title | a route to success for beginning teachers / |
| Statement of responsibility, etc. | Gererd Dixie. |
| 260 ## - PUBLICATION, DISTRIBUTION, ETC. | |
| Place of publication, distribution, etc. | London ; |
| -- | New York : |
| Name of publisher, distributor, etc. | Continuum, |
| Date of publication, distribution, etc. | c2011. |
| 300 ## - PHYSICAL DESCRIPTION | |
| Extent | viii, 208 p. : |
| Other physical details | ill. (chiefly col.) ; |
| Dimensions | 23 cm. |
| 504 ## - BIBLIOGRAPHY, ETC. NOTE | |
| Bibliography, etc. note | Includes bibliographical references (p. 205-206) and index. |
| 505 0# - FORMATTED CONTENTS NOTE | |
| Formatted contents note | Your legal and professional requirements -- Researching your pupils' and the school's backgrounds -- Preparing your classroom -- Exploring the Ofsted report -- Lesson planning and preparing your resources -- Getting your subject knowledge up to date -- Avoiding conflict -- Achieving consistency in behaviour management -- Introducing pace and purpose into lessons without leaving any students behind -- Working collaboratively with teaching assistants -- Making the school environment a positive and safe place to be -- Personalising learning and multiple intelligences -- Creating a broad and balanced curriculum -- Integrating new pupils into the class -- Reacting to unexpected behaviour and events -- The challenging class -- Establishing and retaining good pupil-teacher relations -- Moral development of pupils -- Making use of "wait time" -- Regulating noise levels -- Juggling the demands of the job -- Communicating the aims and objectives of the lesson and setting targets -- Teaching life skills -- When, where and how to seek help without losing face -- Making decisions -- Parental engagement. |
| 650 #0 - SUBJECT ADDED ENTRY--TOPICAL TERM | |
| Topical term or geographic name entry element | First year teachers |
| Form subdivision | Handbooks, manuals, etc. |
| 650 #0 - SUBJECT ADDED ENTRY--TOPICAL TERM | |
| Topical term or geographic name entry element | Teacher orientation |
| Form subdivision | Handbooks, manuals, etc. |
| 650 #0 - SUBJECT ADDED ENTRY--TOPICAL TERM | |
| Topical term or geographic name entry element | Teaching |
| Form subdivision | Handbooks, manuals, etc. |
| 906 ## - LOCAL DATA ELEMENT F, LDF (RLIN) | |
| a | 7 |
| b | cbc |
| c | orignew |
| d | 1 |
| e | ecip |
| f | 20 |
| g | y-gencatlg |
| 942 ## - ADDED ENTRY ELEMENTS (KOHA) | |
| Source of classification or shelving scheme | |
| Koha item type | Book |
| Withdrawn status | Lost status | Source of classification or shelving scheme | Damaged status | Not for loan | Collection code | Permanent Location | Current Location | Shelving location | Date acquired | Total Checkouts | Full call number | Barcode | Date last seen | Date last checked out | Copy number | Price effective from | Koha item type |
|---|---|---|---|---|---|---|---|---|---|---|---|---|---|---|---|---|---|
| Central Library (CL) | Central Library (CL) | Book Cart | 12/09/2016 | 1 | 371.1 DIX | CL2503 | 08/19/2020 | 07/27/2019 | 1 | 12/09/2016 | Book |
